LIBRARY & INFORMATION CENTRE, KCAET, TAVANUR

ONLINE PUBLIC ACCESS CATALOGUE (OPAC)

Operations research / (Record no. 92)

MARC details
000 -LEADER
fixed length control field 00492cam a2200217ua 4500
041 ## - LANGUAGE CODE
Language code of text/sound track or separate title eng
082 ## - DEWEY DECIMAL CLASSIFICATION NUMBER
Classification number 658.4034
Item number KAP/OP
100 ## - MAIN ENTRY--AUTHOR NAME
Personal name Kapoor, V K .
245 ## - TITLE STATEMENT
Title Operations research /
250 ## - EDITION STATEMENT
Edition statement 5 /
260 ## - PUBLICATION, DISTRIBUTION, ETC. (IMPRINT)
Place of publication India :
Name of publisher Sultan Chand & Sons ,
Year of publication 1995.
300 ## - PHYSICAL DESCRIPTION
Number of Pages 793 ; .
942 ## - ADDED ENTRY ELEMENTS (KOHA)
Koha item type Books
003 - CONTROL NUMBER IDENTIFIER
control field @
003 - CONTROL NUMBER IDENTIFIER
control field OSt
Holdings
Withdrawn status Lost status Damaged status Home library Current library Date acquired Full call number Accession Number Koha item type
      KAUAET KAUAET 07/04/2012 658.4034 18544 Books
      KAUAET KAUAET 07/04/2012 658.4034 KAO/OP 18784 Books
free website counter